Top 50 Countries with the most Muslims - Statistics

General Stats
  • This quiz has been taken 318 times
    313 since last reset
  • The average score is 41 of 50
Answer Stats
Muslim Population Answer % Correct
200,000,000 India
96%
85,000,000-90,000,000 Egypt
95%
231,069,932 Indonesia
95%
233,046,950 Pakistan
95%
31,535,000 Saudi Arabia
95%
82,500,000 Iran
94%
38,439,566-39,653,447 Iraq
94%
78,000,000-84,400,000 Türkiye
94%
43,737,096 Algeria
93%
6,255,000-50,000,000 China
92%
17,508,398 Mali
92%
21,101,926 Niger
92%
26,784,498 Yemen
91%
36,370,847 Morocco
90%
95,000,000-97,000,000 Nigeria
90%
38,585,777 Sudan
90%
14,000,000-16,000,000 Russia
89%
15,000,000 Syria
89%
37,025,000 Afghanistan
88%
150,800,000 Bangladesh
88%
10.190,000 Tunisia
88%
6,251,627 United Arab Emirates
88%
6,551,871 Libya
87%
20,063,500 Malaysia
86%
29,920,000 Uzbekistan
86%
9,183,207 Chad
85%
5,610,000 Turkmenistan
85%
34,702,632 Ethiopia
84%
17,421,191 Senegal
83%
13,158,672 Kazakhstan
82%
5,720,000 France
81%
9,253,000 Tajikistan
81%
12,792,153 DR Congo
80%
10.165,577 Jordan
79%
19,426,814 Tanzania
79%
5,500,000 Kenya
78%
4,300,000-4,600,000 Germany
77%
4,157,425 Mauritania
77%
10,073,758 Azerbaijan
75%
10,563,171 Guinea
74%
7,692,289 Cameroon
73%
6,442,205 Ghana
72%
11,265,789 Côte d'Ivoire
70%
5,200,000-5,850,000 Kyrgyzstan
70%
10,978,000 Somalia
69%
13,513,840 Burkina Faso
68%
5,837,839 Mozambique
66%
5,435,234 Uganda
66%
6,067,706 Sierra Leone
58%
5,450,000-12,000,000 Philippines
53%
No matching quizzes found
Score Distribution
Percent of People with Each Score
Percentile by Number Answered
Your Score History
You have not taken this quiz since the last reset